| 000 | 00607nam a2200193 a 4500 | ||
|---|---|---|---|
| 005 | 20220728085042.0 | ||
| 008 | 031105s2002 mx r 000 0 spa d | ||
| 020 | _a8449312329 | ||
| 035 | _aUPN01000130704 | ||
| 049 | _aCG | ||
| 050 | 4 |
_aQK653 _bR8.2 |
|
| 100 | 1 | _aRussell, Sharman Apt | |
| 245 | 1 | 0 |
_aAnatomía de una rosa : _bla vida secreta de las flores / _cSharman Apt Russell ; tr. de Carmen Font Paz. |
| 260 |
_aBarcelona, Esp. : _bPaidós, _c2002. |
||
| 300 |
_a208 p. : _bil. |
||
| 534 |
_pTraducción de: _tAnatomy of a rose |
||
| 650 | 2 |
_aFlores _xAspectos simbólicos _922193 |
|
| 905 | _aLibro | ||
| 999 |
_c102861 _d102861 |
||